The sermon bible; vol. 6. (Record no. 1612)

000 -LEADER
fixed length control field 00454nam a2200157 a 4500
001 - CONTROL NUMBER
control field :::00017797$&:&@@
003 - CONTROL NUMBER IDENTIFIER
control field OkBaRHE
005 - DATE AND TIME OF LATEST TRANSACTION
control field 20100326171654.0
008 - FIXED-LENGTH DATA ELEMENTS--GENERAL INFORMATION
fixed length control field j 000 0 eng u
040 ## - CATALOGING SOURCE
Transcribing agency
245 14 - TITLE STATEMENT
Title The sermon bible; vol. 6.
260 ## - PUBLICATION, DISTRIBUTION, ETC. (IMPRINT)
Place of publication, distribution, etc New York
Name of publisher, distributor, etc Funk & Wagnalls Company
300 ## - PHYSICAL DESCRIPTION
Extent v. (1-10)
942 ## - ADDED ENTRY ELEMENTS (KOHA)
Source of classification or shelving scheme
Koha item type Books
Copies
Shelving location Not for loan Price effective from Date acquired Collection code Permanent Location Lost status Source of classification or shelving scheme Koha item type Copy number Withdrawn status Damaged status Date last seen Full call number Barcode
General Stacks 2010-04-142010-04-14ReferenceRHEMA Bible Training College  Books1  2010-04-14BS 534.5 S3817797